000 00397nam a22001457a 4500
005 20170731162258.0
008 170731b xxu||||| |||| 00| 0 eng d
040 _cPK-LaUMT
082 _aZIAC 297
_bUTH-P
100 _aUthman El-Muhammady , Muhammad
245 _aPeradaban dalam Islam/
_cMuhammad Uthman El-Muhammady
260 _aKualam Pur:
_bPustaka ,
_c[ ]
300 _a420 p.
942 _cBK
999 _c96034
_d96034